BIBLIOTECA PODER JUDICIAL
Portal Judicial TDF

Capacidad progresiva ¿con apoyos? / (Registro nro. 5737)

000 -LEADER
fixed length control field 00956nab a22002177a 4500
003 - CONTROL NUMBER IDENTIFIER
control field OSt
005 - DATE AND TIME OF LATEST TRANSACTION
control field 20260101193842.0
008 - FIXED-LENGTH DATA ELEMENTS--GENERAL INFORMATION
fixed length control field 190514b xxu||||| |||| 00| 0 spa d
040 ## - CATALOGING SOURCE
Transcribing agency PJ
100 ## - MAIN ENTRY--PERSONAL NAME
9 (RLIN) 6657
Personal name Feierherd, Julia
245 10 - TITLE STATEMENT
Title Capacidad progresiva ¿con apoyos? /
Statement of responsibility, etc Julia Feierherd.
300 ## - PHYSICAL DESCRIPTION
Extent p. 129-134
500 ## - GENERAL NOTE
General note Cita: TR LALEY AR/DOC/3258/2024.
505 ## - FORMATTED CONTENTS NOTE
Formatted contents note Sumario: I. Introducción.— II. El fallo.— III. Análisis del fallo.— IV. Conclusión. <br/>
505 ## - FORMATTED CONTENTS NOTE
Formatted contents note Fallo comentado: CCiv., Com., Lab. y Minería, de Neuquén Sala III ~ 26/06/2024 ~ N. V. J. G. s/ medida de protección excepcional de niños y adolescentes.
650 #0 - SUBJECT ADDED ENTRY--TOPICAL TERM
9 (RLIN) 967
Topical term or geographic name as entry element DERECHO DE FAMILIA
650 #0 - SUBJECT ADDED ENTRY--TOPICAL TERM
9 (RLIN) 2342
Topical term or geographic name as entry element CAPACIDAD
650 #0 - SUBJECT ADDED ENTRY--TOPICAL TERM
9 (RLIN) 1057
Topical term or geographic name as entry element JURISPRUDENCIA APLICABLE
773 0# - HOST ITEM ENTRY
Host Biblionumber 2844
Host Itemnumber 3222
Place, publisher, and date of publication Buenos Aires : AbeledoPerrot, 1989-
Title Derecho de familia. Revista Interdisciplinaria de doctrina y jurisprudencia. Febrero 2025-I.
International Standard Book Number 18511201
942 ## - ADDED ENTRY ELEMENTS (KOHA)
Source of classification or shelving scheme
Koha item type Analítica Artículo de Revista

No hay ítems disponibles.

12 de Octubre 789 Ushuaia - Tel:  54(02901)441571
Horario de Atención: 8.00 a 17.00 hs. 
bibliotecaush@justierradelfuego.gov.ar
koha@justierradelfuego.gov.ar
Seguinos en nuestras redes @bibliojustdf 

Con tecnología Koha